Catálogo

LA EVOLUCION HUMANA (Registro nro. 18142)

Detalles MARC
000 -LEADER
fixed length control field 00486nam a2200181 a 4500
001 - CONTROL NUMBER
control field 18142
005 - DATE AND TIME OF LATEST TRANSACTION
control field 20180713211401.0
008 - FIXED-LENGTH DATA ELEMENTS--GENERAL INFORMATION
fixed length control field 140415s1972 000 0 spa d
041 ## - LANGUAGE CODE
Language code of text/sound track or separate title spa
082 ## - DEWEY DECIMAL CLASSIFICATION NUMBER
Classification number 573.2
Item number LAS
100 1# - MAIN ENTRY--PERSONAL NAME
Personal name LASKER, GABRIEL W.
245 13 - TITLE STATEMENT
Title LA EVOLUCION HUMANA
260 ## - PUBLICATION, DISTRIBUTION, ETC.
Place of publication, distribution, etc. [s.l.] :
Name of publisher, distributor, etc. FCE,
Date of publication, distribution, etc. 1972
300 ## - PHYSICAL DESCRIPTION
Extent 149
490 ## - SERIES STATEMENT
Series statement BREVIARIOS DEL FONDO DE CULTURA ECONOMICA
Volume/sequential designation 216
650 14 - SUBJECT ADDED ENTRY--TOPICAL TERM
Topical term or geographic name entry element EVOLUCION HUMANA
700 1# - ADDED ENTRY--PERSONAL NAME
Personal name EZCURDIA, AGUSTIN
Relator term tr.
Existencias
Withdrawn status Lost status Source of classification or shelving scheme Damaged status Not for loan Collection code Home library Current library Shelving location Date acquired Source of acquisition Inventory number Total Checkouts Full call number Barcode Date last seen Price effective from Koha item type
    Dewey Decimal Classification     General Biblioteca Karol Wojtyla Biblioteca Karol Wojtyla Sala general 03/12/2013 Compra 151000000000000000000347   573.2 LAS 3708 05/01/2026 03/12/2013 Libro